000
00336nam a22001457a 4500
008
230927b ||||| |||| 00| 0 eng d
020
_a
9781594516467
041
_a
eng
080
_a
316
082
_a
316CHA
100
_a
24
101
_a
SOCIO
245
_a
THE CHARLES LEMERT READER THE RACE OF TIME
_c
CHAFFEE.D
942
_2
udc
_c
BK
999
_c
60412
_d
60412